00294nam a2200121Ia 45000030006000000080041000060400015000471000016000622450028000782600037001065460012001430050017001550STCL150530s9999 xx 000 0 und d aSTCLcSTCL aLewis, C.S. aExperiment in criticism bCambridge university pressc1978 aEnglish20220125170832.0